Aplikácia zaujímavé miesta

Enregistré dans:
Détails bibliographiques
Auteur principal: Pavlík, Šimon (Auteur)
Autres auteurs: Vojvoda, Milan (Directeur de thèse)
Format: Manuscrit Livre
Langue:slovaque
Publié: Bratislava : STU v Bratislave FEI, 2022
Sujets:
Accès en ligne:https://opac.crzp.sk/?fn=detailBiblioFormChildEJO9D&sid=85CE14C1EED0152B7E37D89735B2&seo=CRZP-detail-kniha
Tags: Ajouter un tag
Pas de tags, Soyez le premier à ajouter un tag!

MARC

LEADER 00000ntm a22000003a 4500
001 stuzp87452
003 SK-STU
005 20230330113733.5
007 ta
008 150427s2015----xo-----f-mn---000-0-slo-d
040 |a STU  |b slo 
041 0 |a slo 
044 |a xo 
100 1 |a Pavlík, Šimon  |u 035000  |4 aut  |U FEI Fakulta elektrotechniky a informatiky  |T FEI Ústav informatiky a matematiky  |X 104556  |U E050  |Y 816  |7 104556 
242 0 1 |a Points of Interest Application  |y eng 
245 1 0 |a Aplikácia zaujímavé miesta 
260 |a Bratislava :  |b STU v Bratislave FEI,  |c 2022 
300 |a 43 s., príl. 
650 4 |a odporúčacie systémy  |2 slo 
650 4 |a mobilná aplikácia  |2 slo 
650 4 |a React Native  |2 slo 
650 4 |a recommender systems  |2 eng 
650 4 |a mobile application  |2 eng 
650 4 |a React Native  |2 eng 
700 1 |a Vojvoda, Milan  |u 035000  |k Z1  |4 ths  |U FEI Fakulta elektrotechniky a informatiky  |T FEI Ústav informatiky a matematiky  |X 1885  |U E050  |Y 816  |7 A000001885 
856 4 |u https://opac.crzp.sk/?fn=detailBiblioFormChildEJO9D&sid=85CE14C1EED0152B7E37D89735B2&seo=CRZP-detail-kniha